Information Systems Development : (Record no. 16195)
[ view plain ]
| 000 -LEADER | |
|---|---|
| fixed length control field | 01885nac a22003251u 4500 |
| 008 - FIXED-LENGTH DATA ELEMENTS--GENERAL INFORMATION | |
| fixed length control field | 111103s2008nyu|||||r|||| 001 0 eng d |
| 010 ## - LIBRARY OF CONGRESS CONTROL NUMBER | |
| LC control number | 89130256 |
| 020 ## - INTERNATIONAL STANDARD BOOK NUMBER | |
| International Standard Book Number | 0077114175 |
| 020 ## - INTERNATIONAL STANDARD BOOK NUMBER | |
| International Standard Book Number | 9780077114176 |
| 082 00 - DEWEY DECIMAL CLASSIFICATION NUMBER | |
| Classification number | 005.74 |
| Item number | AVI |
| Edition number | 22 |
| 100 ## - MAIN ENTRY--PERSONAL NAME | |
| Personal name | Avison, David |
| 9 (RLIN) | 27721 |
| 245 10 - TITLE STATEMENT | |
| Title | Information Systems Development : |
| Remainder of title | Methodologies, Techniques & tools / |
| Statement of responsibility, etc | David Avison, Guy Fitzgerald |
| 250 ## - EDITION STATEMENT | |
| Edition statement | 4th ed. |
| 260 ## - PUBLICATION, DISTRIBUTION, ETC. (IMPRINT) | |
| Place of publication, distribution, etc | New York : |
| Name of publisher, distributor, etc | McGraw-Hill ; |
| Date of publication, distribution, etc | 2008. |
| 300 ## - PHYSICAL DESCRIPTION | |
| Extent | 645 p. : |
| Other physical details | ill. ; |
| Dimensions | 24 cm. |
| 500 ## - GENERAL NOTE | |
| General note | Includes index. |
| 504 ## - BIBLIOGRAPHY, ETC. NOTE | |
| Linkage | Bibliography : p. 615-630. |
| 650 #0 - SUBJECT ADDED ENTRY--TOPICAL TERM | |
| Topical term or geographic name as entry element | Database management. |
| 9 (RLIN) | 27722 |
| 650 #0 - SUBJECT ADDED ENTRY--TOPICAL TERM | |
| Topical term or geographic name as entry element | System design. |
| 9 (RLIN) | 27723 |
| 653 ## - INDEX TERM--UNCONTROLLED | |
| Resource For college | |
| Arrived date list | November2011 |
| 700 ## - ADDED ENTRY--PERSONAL NAME | |
| Personal name | Fitzgerald, Guy |
| 9 (RLIN) | 27724 |
| 942 ## - ADDED ENTRY ELEMENTS (KOHA) | |
| Item type | Book - Borrowing |
| Call number prefix | 005.74A958 |
| Source of classification or shelving scheme | Dewey Decimal Classification |
| Withdrawn status | Item status | Source of classification or shelving scheme | Damaged status | Not for loan | Vendor | Home library | Current library | Shelving location | Date acquired | Source of acquisition | Total Checkouts | Full call number | Barcode | Date last seen | Koha item type | Total Renewals | Date last borrowed |
|---|---|---|---|---|---|---|---|---|---|---|---|---|---|---|---|---|---|
| Dewey Decimal Classification | Baccah | Central Library | Central Library | Lower Floor | 03/11/2011 | 005.74 AVI | 000025578 | 15/07/2025 | NB - Book (Non borrowing) | ||||||||
| Dewey Decimal Classification | Baccah | Central Library | Central Library | Lower Floor | 03/11/2011 | 4 | 005.74 AVI | 000025577 | 15/07/2025 | Book - Borrowing | 7 | 15/01/2013 | |||||
| Dewey Decimal Classification | Baccah | Central Library | Central Library | Lower Floor | 03/11/2011 | 6 | 005.74 AVI | 000025576 | 15/07/2025 | Book - Borrowing | 5 | 22/07/2013 | |||||
| Dewey Decimal Classification | Baccah | Central Library | Central Library | Lower Floor | 03/11/2011 | 1 | 005.74 AVI | 000025575 | 15/07/2025 | Book - Borrowing | 5 | 30/11/2011 | |||||
| Dewey Decimal Classification | Central Library | Central Library | Lower Floor | 01/04/2012 | 1 | 005.74 AVI | 000009533 | 15/07/2025 | Book - Borrowing | 20/12/2012 | |||||||
| Dewey Decimal Classification | Central Library | Central Library | Lower Floor | 01/04/2012 | 3 | 005.74 AVI | 000009565 | 15/07/2025 | Book - Borrowing | 2 | 20/08/2013 | ||||||
| Dewey Decimal Classification | Central Library | Central Library | Lower Floor | 01/04/2012 | 2 | 005.74 AVI | 000009477 | 15/07/2025 | Book - Borrowing | 15 | 24/10/2012 | ||||||
| Dewey Decimal Classification | Baccah | Central Library | Central Library | Lower Floor | 10/11/2013 | 005.74 AVI | 000035055 | 15/07/2025 | Book - Borrowing |